PNEUMONIAS

Salvato in:
Dettagli Bibliografici
Autore principale: edited by JINDAL, Surinder K.
Natura: Libro
Lingua:inglese
Pubblicazione: Jaypee Brothers Medical Publishers 2012
Tags: Aggiungi Tag
Nessun Tag, puoi essere il primo ad aggiungerne!!

MARC

LEADER 00000nam a22000007a 4500
008 210413b ||||| |||| 00| 0 eng d
020 |a 978-93-5090-176-2 
100 |a edited by JINDAL, Surinder K.  
245 |a PNEUMONIAS  |c edited by Surinder K. Jindal, Randeep Guleria.  |e World clinic: pulmonary and critical care medicine  |g xiv, 204p; ill.  
250 |c edited by JINDAL, Surinder K. , Guleria Randeep  
260 |b Jaypee Brothers Medical Publishers  |c 2012  |h New Delhi  |i 692668   |l RC771 .P74  |m Pneumonia. 
500 |a “It includes references”  
942 |a lcc  |c BK  |e YUNUSA, A.A.  |f 13/4/21 
952 |0 0  |1 0  |2 lcc  |4 0  |6 RC0771 P74  |7 0  |9 2123  |a HOL  |b HOL  |c QZ  |d 2021-04-13  |l 0  |o RC771 .P74  |p 2021-5977  |r 2021-04-13 00:00:00  |w 2021-04-13  |y BK 
999 |c 1101  |d 1101